00449cam a22001331 4500040000800000082002600008110003800034245004200072250001100114260012500125300003000250650001300280650002200293 cICU a655 PUB 1964 A106 Or.2 aConference of Biological Editors.10aStyle manual for biological journals. a2d ed. aWashington,bPublished for the Conference of Biological Editors by the American Institute of Biological Sciencesc[1964] ax, 117 p.billus.c22 cm. 0aPrinting 0aTechnical writing